01650nam a2200337Ia 4500001001200000003000800012006001900020007001500039008004100054010001700095020001500112020001500127040002100142035002100163050002600184082002100210100002600231245008900257260004300346300002400389504005100413505039100464533015200855610003001007650003801037650004601075655002901121710001701150856012601167999001901293ebr10135418CaPaEBRm u cr cn|||||||||040728s2005 nyua sb 001 0 eng d z 2004053522 z1403978905 z1403966621 aCaPaEBRcCaPaEBR a(OCoLC)56046118514aHQ1391.U5bJ65 2005eb04a305.43/328732221 aJones Evans, Jocelyn.10aWomen, partisanship, and the Congressh[electronic resource] /cJocelyn Jones Evans. aNew York :bPalgrave Macmillan,c2005. axii, 161 p. :bill. aIncludes bibliographical references and index.0 a1. Does partisanship impact women's legislative behavior? -- 2. Does partisanship shape women's experience in the district? : the electoral connection -- 3. Do women in congress vote alike? : the institutional connection -- 4. Does partisanship shape women's participation in the party organization? : the organizational connection -- 5. The matrix of women's participation in congress. aElectronic reproduction.bPalo Alto, Calif. :cebrary,d2011.nAvailable via World Wide Web.nAccess may be limited to ebrary affiliated libraries.10aUnited States.bCongress. 0aWomen legislatorszUnited States. 0aWomenxPolitical activityzUnited States. 7aElectronic books.2local2 aebrary, Inc.40uhttp://site.ebrary.com/lib/rucke/Doc?id=10135418zAn electronic book accessible through the World Wide Web; click to view c187584d187584